书目信息 |
| 题名: |
晶体管收音机与业余修理
|
|
| 作者: | 王沛清 编写 | |
| 分册: | ||
| 出版信息: | 长沙 湖南科学技术出版社 1979 |
|
| 页数: | 318页 | |
| 开本: | 20cm | |
| 丛书名: | ||
| 单 册: | ||
| 中图分类: | TN854 | |
| 科图分类: | ||
| 主题词: | 半导体收音机 | |
| 电子资源: | ||
| ISBN: | ||
| 000 | 00641nam0 2200229 45 | |
| 001 | 0179006121 | |
| 005 | 20060719171433.07 | |
| 010 | @dCNY0.97 | |
| 091 | @a15204.17 | |
| 100 | @a19950728d1979 em y0chiy0121 ea | |
| 101 | 0 | @achi |
| 102 | @aCN@b430000 | |
| 105 | @ay z 000yy | |
| 200 | 10 | @a晶体管收音机与业余修理@Ajing ti guan shou yin ji yu ye yu xiu li@f王沛清等编写@Fwang pei qing deng bian xie |
| 205 | @a新1版 | |
| 210 | @a长沙@c湖南科学技术出版社@d1979 | |
| 215 | @a318页@d20cm | |
| 606 | @a半导体收音机 | |
| 690 | @aTN854@v3 | |
| 701 | 0 | @a王沛清@Awang pei qing@4编写 |
| 801 | 0 | @aCN@bNLC@c20060719 |
| 905 | @dTN854@e11=2 | |
| 晶体管收音机与业余修理/王沛清等编写.-新1版.-长沙:湖南科学技术出版社,1979 |
| 318页;20cm |
| ISBN :CNY0.97 |
| ● |
| 相关链接 |
|
|
|
|
正题名:晶体管收音机与业余修理
索取号:TN854/11=2
 
预约/预借
| 序号 | 登录号 | 条形码 | 馆藏地/架位号 | 状态 | 备注 |
| 1 | 0032770 | 001321581 | 第三借阅区/ [索取号:TN854/11=2] | 在馆 | |
| 2 | 0032772 | 001321572 | 第二样本阅览室/ [索取号:TN854/11=2] | 在馆 | |
| 3 | 0420721 | 204207214 | 密集书库/ [索取号:TN854/11=2] | 在馆 | |
| 4 | 0420722 | 204207223 | 密集书库/ [索取号:TN854/11=2] | 在馆 | |
| 5 | 0420723 | 204207232 | 密集书库/ [索取号:TN854/11=2] | 在馆 | |
| 6 | 0420724 | 204207241 | 密集书库/ [索取号:TN854/11=2] | 在馆 | |
| 7 | 0437415 | 204374159 | 密集书库/ [索取号:TN854/11=2] | 在馆 | |
| 8 | 0437778 | 204377780 | 密集书库/ [索取号:TN854/11=2] | 在馆 |